000 01062nam a2200277Ia 4500
003 OSt
005 20220923211554.0
006 a|||||r|||| 00| 0
007 ta
008 220922b |||||||| |||| 00| 0 san d
020 _a9789385538292 (hbk)
_c495
024 _a349,294
037 _b368, 28/01/2019, Vidyanidhi Prakashan
_cTextual
040 _aARTS
_cARTS
_bsan
041 _2san
_asan
082 _aO15,1D40:g, 152Q7
100 _aपाण्डेय, महराजदीन, ले.
_9160809
245 0 _aमध्ये यक्षमेघयोः
246 _aMadhye yakṣhameghayoah
260 _aदिल्ली
_b ज्ञानभारती पब्लिकेशन्स
_c2017
300 _a144पृ0
_ccm.
650 _a संस्कृत साहित्य
650 _aसंस्कृत कविता
_9156350
942 _hO15,1D40:g, 152Q7
_cTEXL
_2CC
999 _c300876
_d300876